000 00613nam a2200205Ii 4500
001 10546
003 CO-ViMGA
008 241108s9999||||xx |||||||||||||| ||und||
040 _aCO-ViMGA
_bspa
_erda
_cCO-ViMGA
041 0 _aunk
082 0 4 _a862-C341
100 1 _aAlejandro Cosona
_953336
245 1 0 _a<La> Molinera de arcos y sinfonia inacabada
264 1 _a[Lugar de publicación no identificado] : Losada, 1956
300 _avolumen
336 _atext
_btxt
_2rdacontent
337 _aunmediated
_bn
_2rdamedia
338 _avolume
_bnc
_2rdacarrier
940 _aidficha_siabuc: 10293. -- ficha_no_siabuc:10546
999 _c49917
_d49917